Spieler mit mindestens 30 Toren in einer Premier League Saison - Statistiken

Allgemein
  • Dieses Quiz wurde 806 mal gespielt
    232 seit der letzten Aktualisierung
  • Das Durchschnittsergebnis liegt bei 10 aus 13
Antwortstatistiken
Saison Verein Tore Spieler % Korrekt
2017/2018 Tottenham Hotspur 30 Harry Kane
100%
2022/2023 Tottenham Hotspur 30 Harry Kane
100%
2017/2018 FC Liverpool 32 Mohamed Salah
100%
2022/2023 Manchester City 36 Erling Haaland
99%
2003/2004 FC Arsenal 30 Thierry Henry
94%
2007/2008 Manchester United 31 Cristiano Ronaldo
91%
2013/2014 FC Liverpool 31 Luis Suárez
79%
1993/1994 Blackburn Rovers 31 Alan Shearer
76%
1994/1995 Blackburn Rovers 34 Alan Shearer
76%
1995/1996 Blackburn Rovers 31 Alan Shearer
76%
2011/2012 FC Arsenal 30 Robin van Persie
63%
1993/1994 Newcastle United 34 Andrew Cole
16%
1999/2000 AFC Sunderland 30 Kevin Phillips
8%
Keine übereinstimmenden Quizze gefunden
Verteilung der Resultate
Anzahl Personen mit jedem Resultat
Perzentil nach korrekt beantworteten Fragen
Ihre Resultats-Entwicklung
Sie haben dieses Quiz seit der letzten Aktualisierung nicht gespielt